Đà Nẵng xuân 1975

Uloženo v:
Podrobná bibliografie
Médium: Kniha
Vydáno: 2000
Tagy: Přidat tag
Žádné tagy, Buďte první, kdo otaguje tento záznam!
Thư viện lưu trữ: Mạng thư viện Đại học Đà Nẵng
LEADER 00435nam a22001811a 4500
001 000038992
003 15287
005 20160412021904.0
008 160412s2000 000
082 |a 4V(TK)430 
245 |a Đà Nẵng xuân 1975  |c Nhiều tác giả 
260 |c 2000 
OWN |a LNN 
999 |a From the UDN01 
TYP |a Monograph 
980 |a Mạng thư viện Đại học Đà Nẵng